Detalles MARC
| 000 -LIDER |
| fixed length control field |
00989nam a2200277 a 4500 |
| 001 - NÚMERO DE CONTROL |
| Identificador de número de control |
|
| 003 - IDENTIFICACDOR DE NÚMERO DE CONTROL |
| control field |
|
| 005 - DATE AND TIME OF LATEST TRANSACTION |
| control field |
20211227111330.0 |
| 008 - ELEMENTOS DE LONGITUD FIJA |
| fixed length control field |
110331s2013 dr ac 000 0bspa d |
| 020 ## - ISBN |
| International Standard Book Number |
9789945007275 |
| 040 ## - FUENTE DE CATALOGACIÓN |
| Agencia que crea de manera original el registro |
BPMSU |
| Idioma de catalogación |
spa |
| Agencia que realiza la transcripción |
BPMSU |
| 082 ## - NÚMERO DE CLASIFICACIÓN DECIMAL DE DEWEY |
| Classification number |
923.57293 |
| Item number |
D985B 2013 |
| Edition number |
22 |
| 100 1# - ASIENTO PRINCIPAL -- NOMBRE PERSONAL |
| Nombre personal |
Balaguer, Joaquín, |
| Fechas asociadas con el nombre |
1906-2002 |
| 9 (RLIN) |
2 |
| 245 13 - MENCIÓN DE TITULO |
| Título |
El centinela de la frontera : |
| Subtítulo |
vida y hazañas de Antonio Duvergé / |
| Mención de responsabilidad |
Joaquín Balaguer. |
| 250 ## - MENCIÓN DE EDICION |
| Mención de edición |
7a. ed |
| 260 ## - PUBLICACIÓN, DISTRIBUCIÓN, ETC. (PIE DE IMPRENTA) |
| Lugar de publicación, distribución, etc |
Santo Domingo : |
| Nombre del editor, distribuidor, etc. |
Centenario, |
| Fecha de publicación, distribución, etc |
2013 |
| 300 ## - DESCRIPCIÓN FÍSICA |
| Extensión |
206 p. : |
| Otros detalles físicos |
il., retrs. ; |
| Dimensiones |
22 cm. |
| 500 ## - NOTA GENERAL |
| Nota general |
Incluye referencias bibliográficas y notas al pie de las páginas. |
| 590 ## - NOTA LOCAL |
| Enlace |
Inventariado, 2021/VM |
| 600 14 - ENCABEZAMIENTO DE MATERIA--NOMBRE PERSONAL |
| Nombre personal |
Duvergé, Antonio, |
| Fechas asociadas con el nombre |
1807-1855 |
| Subdivisión temática general |
Vida militar |
| 650 #4 - ENCABEZAMIENTO DE MATERIA--TEMÁTICO |
| Término temático o nombre geográfico como elemento de entrada |
Generales (Ciencia militar) |
| Subdivisión geográfica |
República Dominicana |
| Subdivisión de forma |
Biografías |
| 651 #4 - ENCABEZAMIENTO DE MATERIA--NOMBRE GEOGRÁFICO |
| Nombre geográfico |
República Dominicana |
| Subdivisión temática general |
Historia |
| Subdivisión cronológica |
1844-1930 |
| 710 2# - ASIENTO SECUNDARIO -- NOMBRE CORPORATIVO |
| Nombre corporativo o de jurisdicción |
Fundación Joaquín Balaguer (República Dominicana) |
| 910 ## - VALIDACIÓN |
| Validación |
VMateo V. |
| 942 ## - ADDED ENTRY ELEMENTS (KOHA) |
| Source of classification or shelving scheme |
Dewey Decimal Classification |
| Koha item type |
Libros |